000
00252nam a22001097a 4500
082
_a
978-03-5085-915-5
_b
DIG/T
100
_a
DOUBLE DIGEST
245
_a
TINKLE
260
_a
MUMBAI
_b
AMAR CHITHRAKATHA
650
_a
ENGLISH SHORT STORY
_z
MUMBAI
942
_c
BK
999
_c
2694
_d
2694